Ultrasonography in urology : (رقم التسجيلة. 21992)

تفاصيل مارك
000 -الفاتح
حقل البيانات ثابتة الطول 02431cam a22004814a 4500
001 - رقم الضبط
رقم الضبط 1690499
003 - محدد رقم الضبط
رقم الضبط OSt
005 - وقت وتاريخ اخر تعامل مع التسجيلة
رقم الضبط 20150408114020.0
008 - عناصر البيانات ثابتة الطول - معلومات عامة
حقل البيانات ثابتة الطول 070410s2008 nyua b 001 0 eng
010 ## - رقم ضبط مكتبة الكونجرس
رقم ضبط مكتبة الكونجرس 2007015101
016 7# - رقم ضبط الوكاله الوطنية للضبط الببليوجرافي
رقم ضبط التسجيلة 101304180
المصدر DNLM
020 ## - الرقم الدولى المعيارى للكتب
الرقم الدولى المعيارى للكتاب 9781588906090 (pbk. : alk. paper)
020 ## - الرقم الدولى المعيارى للكتب
الرقم الدولى المعيارى للكتاب 1588906094 (pbk. : alk. paper)
020 ## - الرقم الدولى المعيارى للكتب
الرقم الدولى المعيارى للكتاب 9781588900517 (alk. paper)
020 ## - الرقم الدولى المعيارى للكتب
الرقم الدولى المعيارى للكتاب 1588900517 (alk. paper)
020 ## - الرقم الدولى المعيارى للكتب
الرقم الدولى المعيارى للكتاب 9783131291325 (rest of world)
020 ## - الرقم الدولى المعيارى للكتب
الرقم الدولى المعيارى للكتاب 313129132X (rest of world)
035 ## - رقم ضبط النظام
رقم ضبط النظام (OCoLC)123053457
040 ## - مصدر الفهرسة
وكالة الفهرسة الأصلية DNLM/DLC
وكالة النسخ DLC
وكالة التعديل NLM
-- BTCTA
-- BAKER
-- C#P
-- YDXCP
-- UAU
-- UtOrBLW
042 ## - رمز التحقق
رمز التحقق pcc
050 10 - رقم طلب مكتبة الكونجرس
رقم التصنيف RC874
رقم المادة .U35 2008
060 00 - رقم الطلب بالمكتبة الطبية الوطنية
رقم التصنيف 2008 C-186
060 10 - رقم الطلب بالمكتبة الطبية الوطنية
رقم التصنيف WJ 141
رقم المادة U47 2008
060 00 - رقم الطلب بالمكتبة الطبية الوطنية
رقم التصنيف 2008 C-186
060 10 - رقم الطلب بالمكتبة الطبية الوطنية
رقم التصنيف WJ 141
رقم المادة U47 2008
082 00 - رقم تصنيف ديوى العشرى
رقم التصنيف 616.607
رقم الطبعة 22
245 00 - بيان العنوان
العنوان Ultrasonography in urology :
بقية العنوان a practical approach to clinical problems /
بيان المسئوليه,etc [edited by] Edward I. Bluth ... [et al.].
250 ## - بيان الطبعة
بيان الطبعة 2nd ed.
260 ## - PUBLICATION, DISTRIBUTION, ETC. (IMPRINT)
مكان الناشر او الموزع New York :
اسم الناشر او الموزع Thieme,
تاريخ النشر أو التوزيع c2008.
300 ## - الوصف المادى
التعداد xi, 180 p. :
تفاصيل ماديه اخرى للوعاء ill. (some col.) ;
أبعاد الوعاء 28 cm.
504 ## - تبصرة ببليوجرافية
تبصرة ببليوجرافية,الخ Includes bibliographical references and index.
505 0# - تبصرة محتويات-الفهرس
تبصرة المحتويات المصاغة Flank pain / Lisa Lihuan Wang and Sharlene A. Teefey -- Renal failure / John J. Cronan -- Hematuria / Robert L. Bree -- Acute abdominal trauma / W. Dennis Foley -- Acute scrotal pain : diagnosing with color duplex sonography / Thomas A. Stavros and Cynthia L. Rapp -- Erectile dysfunction / Harvey L. Nisenbaum and Steven C. Horii -- Urinary tract infections in children / Harriet J. Paltiel -- Right lower quadrant pain: ruling out appendicitis / Lawrence C. Chow and R. Jeffrey Brooke Jr. -- Hypertension and bruit / Laurence Needleman -- Elevated PSA and/or abnormal prostate physical examination / Ulrike Hamper -- Intraoperative ultrasound / Robert A. Kane -- Leg swelling with pain or edema / Edward I. Bluth -- Biopsy, drainage, and percutaneous treatment of a mass / Gerald D. Dodd III and Hayden Head.
650 #0 - المدخل الاضافى بالموضوع-مصطلح موضوعى
مصطلح موضوعي أو اسم جغرافي كعنصر مدخل Urology.
9 (RLIN) 11363
650 #0 - المدخل الاضافى بالموضوع-مصطلح موضوعى
مصطلح موضوعي أو اسم جغرافي كعنصر مدخل Diagnostic ultrasonic imaging.
9 (RLIN) 11127
650 12 - المدخل الاضافى بالموضوع-مصطلح موضوعى
مصطلح موضوعي أو اسم جغرافي كعنصر مدخل Urologic Diseases
التقسيم الفرعي العام ultrasonography.
9 (RLIN) 11364
650 22 - المدخل الاضافى بالموضوع-مصطلح موضوعى
مصطلح موضوعي أو اسم جغرافي كعنصر مدخل Diagnosis, Differential.
650 22 - المدخل الاضافى بالموضوع-مصطلح موضوعى
مصطلح موضوعي أو اسم جغرافي كعنصر مدخل Genital Diseases, Female
التقسيم الفرعي العام ultrasonography.
9 (RLIN) 10945
650 22 - المدخل الاضافى بالموضوع-مصطلح موضوعى
مصطلح موضوعي أو اسم جغرافي كعنصر مدخل Genital Diseases, Male
التقسيم الفرعي العام ultrasonography.
9 (RLIN) 11365
650 22 - المدخل الاضافى بالموضوع-مصطلح موضوعى
مصطلح موضوعي أو اسم جغرافي كعنصر مدخل Pain
التقسيم الفرعي العام ultrasonography.
9 (RLIN) 11366
650 22 - المدخل الاضافى بالموضوع-مصطلح موضوعى
مصطلح موضوعي أو اسم جغرافي كعنصر مدخل Ultrasonography
التقسيم الفرعي العام methods.
700 1# - المدخل الاضافى - اسم شخصى
الإسم الشخصى Bluth, Edward I.
9 (RLIN) 11367
942 ## - عناصر المدخل الإضافي( كوها)
مصدر التصنيف او مخطط الترفيف Dewey Decimal Classification
Koha [default] item type كتاب
المقتنيات
حالة الفقد نموذج السعر الفعال حالة تلف ليس للاعارة رقم الطلب تاريخ الاكتساب الموقع الحالي الباركود الفرع الرئيسي Date last seen نوع المادة فى نظام كوها مصدر التصنيف او خطة الترفيف Total Checkouts
  2013-03-10     616.607 U L U 2012-04-18 مكتبة كلية العلوم الطبية التطبيقية بالمجمعة - طالبات (AMF) 00076554 مكتبة كلية العلوم الطبية التطبيقية بالمجمعة - طالبات (AMF) 2013-03-10 كتاب Dewey Decimal Classification  
  2013-03-10     616.607 U L U 2012-04-18 مكتبة كلية العلوم الطبية التطبيقية بالمجمعة - طالبات (AMF) 00076553 مكتبة كلية العلوم الطبية التطبيقية بالمجمعة - طالبات (AMF) 2013-03-10 كتاب Dewey Decimal Classification  
  2013-03-10     616.607 U L U 2012-04-18 مكتبة كلية العلوم الطبية التطبيقية بالمجمعة - طالبات (AMF) 00076552 مكتبة كلية العلوم الطبية التطبيقية بالمجمعة - طالبات (AMF) 2013-03-10 كتاب Dewey Decimal Classification  
  2013-03-10     616.607 U L U 2012-04-18 مكتبة كلية العلوم الطبية التطبيقية بالمجمعة - طالبات (AMF) 00076551 مكتبة كلية العلوم الطبية التطبيقية بالمجمعة - طالبات (AMF) 2013-03-10 كتاب Dewey Decimal Classification